Welcome to the Holygrace Academy Library

Please use search bar below to get started

M S SUBBULAKSHMI (Record no. 6967)

MARC details
000 -LEADER
fixed length control field 00400nam a22001577a 4500
020 ## - INTERNATIONAL STANDARD BOOK NUMBER
ISBN 978-81-8266-607-8
082 ## - DEWEY DECIMAL CLASSIFICATION NUMBER
Classification number 920
Item number MAN/M
100 ## - MAIN ENTRY--AUTHOR NAME
Personal name MANJULAMAALA, M V
245 ## - TITLE STATEMENT
Title M S SUBBULAKSHMI
246 ## - VARYING FORM OF TITLE
Title proper/short title M S SUBBULAKSHMI
Remainder of title M S SUBBULAKSHMI
250 ## - EDITION STATEMENT
Edition statement FIRST EDITION
260 ## - PUBLICATION, DISTRIBUTION, ETC. (IMPRINT)
Place of publication KOZHIKODE
Name of publisher MATHRUBHUMI BOOKS
Year of publication 2016
300 ## - PHYSICAL DESCRIPTION
Number of Pages 110
650 ## - SUBJECT ADDED ENTRY--TOPICAL TERM
Topical Term MALAYALAM AUTOBIOGRAPHY
Geographic subdivision KERALA
942 ## - ADDED ENTRY ELEMENTS (KOHA)
Koha item type Books
Holdings
Withdrawn status Lost status Collection code Home library Current library Shelving location Date acquired Source of acquisition Cost, normal purchase price Full call number Accession Number Koha item type
    Non-fiction Main Library Main Library NEW SHELF WITH NEW ENTRY 26/10/2023 purchase 90.00 920 MAN/M 13168 Books